Devine l’âge moyen de ces prénoms - Statistiques

Statistiques générales
  • Ce quiz a été pris 46 fois
  • Le résultat moyen est 12 sur 30
Statistiques - réponses
Prénom Indice Age Moyen % Correct
Gabriel De plus en plus donné depuis les années 2010. 15 ans
93%
Emma Prénom numéro 1 en France depuis les années 2010. 12 ans
78%
Kevin Symbole des années 1990, souvent stéréotypé. 35 ans
58%
Sébastien Prénom phare des années 1980-1990. 37 ans
45%
Aurélie Très populaire dans les années 1980. 38 ans
45%
Amélie Prénom à la mode dans les années 1990. 30 ans
43%
Julien Pic dans les années 1985-1995. 35 ans
43%
Sophie Pic dans les années 1970-1980. 45 ans
43%
David Très donné dans les années 1980. 40 ans
40%
Sandrine Pic dans les années 1970. 46 ans
40%
Enzo En forte hausse depuis les années 2010. 12 ans
38%
Léa En hausse depuis les années 2000. 20 ans
38%
Chloé Très tendance dans les années 1990-2000. 28 ans
38%
Lucas Prénom ultra-tendance depuis les années 2000. 18 ans
35%
Nicolas Très tendance dans les années 1980-1990. 38 ans
35%
Nathalie Très donné dans les années 1970. 48 ans
35%
Michel Pic dans les années 1960 65 ans
35%
Manon Très populaire depuis les années 2000. 18 ans
33%
Marie Prénom intemporel, surtout donné avant les années 1970. 68 ans
33%
Jean Prénom roi des années 1950, souvent associé aux grands-pères. 72 ans
33%
Jade Très tendance depuis les années 2000. 15 ans
30%
Hugo Très populaire dans les années 2000. 22 ans
30%
Thomas Popularité dans les années 1990. 32 ans
30%
Céline Prénom phare des années 1970-1980. 42 ans
30%
Jacques Prénom classique, moins donné après les années 1970. 70 ans
30%
Louise Prénom classique en plein retour. 10 ans
28%
Alice Très donné depuis les années 2010. 14 ans
28%
Pierre Très populaire dans les années 1950-1960 68 ans
28%
Louis Prénom intemporel, mais en hausse récente. 25 ans
25%
Caroline Très populaire dans les années 1970-1980. 44 ans
25%
Aucun quiz correspondant
Distribution des résultats
% des personnes avec chaque résultat
Percentile par nombre de réponses
Votre historique - résultats
Vous n’avez pas pris ce quiz